[Event "Titled Tuesday intern op 16th May Late"]
[Site "Chess.com INT"]
[Date "2023.05.16"]
[Round "1"]
[White "Aggelis, Nikolaos"]
[Black "Rodriguez Polo, Mateo"]
[Result "0-1"]
[WhiteElo "2270"]
[BlackElo "2186"]
[PlyCount "162"]
[EventDate "2023.05.16"]
[EventType "swiss (blitz)"]
[EventRounds "11"]
[EventCountry "USA"]
[SourceTitle "CBM 214 Extra"]
[Source "ChessBase"]
[SourceDate "2023.07.31"]
[SourceVersion "1"]
[SourceVersionDate "2023.07.31"]
[SourceQuality "1"]

1. c4 Nf6 2. d3 e6 3. Nf3 d5 4. d4 Be7 5. g3 0-0 6. Bg2 dxc4 7. 0-0 Nc6 8. e3 Rb8 9. a4 a6 10. a5 Bb4 11. Nbd2 Nxa5 12. Rxa5 Bxa5 13. Nxc4 Bb4 14. Qb3 Be7 15. Nfe5 Bd7 16. Bd2 Bb5 17. Rc1 Bxc4 18. Qxc4 c6 19. Qa4 Nd5 20. Ba5 Qd6 21. Nc4 Qd7 22. e4 Nf6 23. Nb6 Qe8 24. Qc4 Nd7 25. h4 Nxb6 26. Bxb6 Qd7 27. Bh3 Bd8 28. Bc5 Be7 29. Bb6 Qd6 30. Bc5 Qd8 31. b4 b6 32. Bxe7 Qxe7 33. Rb1 c5 34. bxc5 bxc5 35. Rxb8 Rxb8 36. dxc5 Rc8 37. Qxa6 Qxc5 38. Qe2 Qc1+ 39. Bf1 g6 40. h5 Qa1 41. Kg2 Rc1 42. Qb5 gxh5 43. Qg5+ Kf8 44. Qd8+ Kg7 45. Qg5+ Kf8 46. Qd8+ Kg7 47. Qg5+ Kh8 48. Qe7 Qg7 49. Qe8+ Qg8 50. Qe7 Rc8 51. Qf6+ Qg7 52. Qh4 Rg8 53. Be2 Qg5 54. Qxh5 Qxh5 55. Bxh5 Rf8 56. Kf3 Kg7 57. Kf4 Rb8 58. Be2 Rb2 59. Kf3 f6 60. Bc4 e5 61. Be6 Kg6 62. Bf5+ Kg7 63. Kg2 h5 64. Kf3 Kh6 65. Bd7 Kg5 66. Be8 Rb8 67. Bd7 Rd8 68. Bf5 Rd3+ 69. Ke2 Ra3 70. Kf1 Rf3 71. Kg2 Rxf5 72. exf5 Kxf5 73. Kh3 Kg5 74. f3 f5 75. Kg2 e4 76. fxe4 fxe4 77. Kf2 Kg4 78. Ke3 Kxg3 79. Kxe4 h4 80. Ke3 h3 81. Ke2 Kg2 0-1

[Event "Titled Tuesday intern op 16th May Late"]
[Site "Chess.com INT"]
[Date "2023.05.16"]
[Round "8"]
[White "Domingo Nunez, Alejandro"]
[Black "Rodriguez Polo, Mateo"]
[Result "0-1"]
[WhiteElo "2338"]
[BlackElo "2186"]
[PlyCount "66"]
[EventDate "2023.05.16"]
[EventType "swiss (blitz)"]
[EventRounds "11"]
[EventCountry "USA"]
[SourceTitle "CBM 214 Extra"]
[Source "ChessBase"]
[SourceDate "2023.07.31"]
[SourceVersion "1"]
[SourceVersionDate "2023.07.31"]
[SourceQuality "1"]

1. Nf3 d5 2. g3 e6 3. Bg2 Nf6 4. 0-0 Be7 5. c4 0-0 6. b3 b6 7. Bb2 c5 8. cxd5 Nxd5 9. d4 Bb7 10. dxc5 Bxc5 11. Nbd2 Nd7 12. a3 N5f6 13. b4 Be7 14. Rc1 Rc8 15. Qa4 Rxc1 16. Rxc1 Qa8 17. Rc7 Rd8 18. Bxf6 Nxf6 19. Rxe7 Rc8 20. Nh4 Bxg2 21. Nxg2 a6 22. b5 Kf8 23. Qb4 Rc1+ 24. Nf1 Rc5 25. Rc7 Nd5 26. Rxc5 Nxb4 27. Rc4 Nd5 28. bxa6 Qxa6 29. Rc6 Qxe2 30. Nge3 Nxe3 31. Nxe3 Qb2 32. Nc4 Qc1+ 33. Kg2 b5 0-1

[Event "Titled Tuesday intern op 16th May Late"]
[Site "Chess.com INT"]
[Date "2023.05.16"]
[Round "7"]
[White "Loiacono, Antonio"]
[Black "Rodriguez Polo, Mateo"]
[Result "1/2-1/2"]
[WhiteElo "2350"]
[BlackElo "2186"]
[PlyCount "231"]
[EventDate "2023.05.16"]
[EventType "swiss (blitz)"]
[EventRounds "11"]
[EventCountry "USA"]
[SourceTitle "CBM 214 Extra"]
[Source "ChessBase"]
[SourceDate "2023.07.31"]
[SourceVersion "1"]
[SourceVersionDate "2023.07.31"]
[SourceQuality "1"]

1. e4 e5 2. Nf3 Nc6 3. Nc3 Nf6 4. Bb5 Bb4 5. 0-0 0-0 6. d3 Bxc3 7. bxc3 d6 8. Nd2 Ne7 9. d4 Ng6 10. Re1 h6 11. Nf1 c6 12. Bd3 Re8 13. Ng3 Bg4 14. f3 Be6 15. Kh1 Qe7 16. a4 b6 17. a5 b5 18. Ba3 Qc7 19. Nf1 Rad8 20. Ne3 d5 21. exd5 Nxd5 22. Nxd5 Bxd5 23. Bc5 Nf4 24. Bf1 exd4 25. cxd4 Be6 26. Qd2 Bf5 27. c4 Ne6 28. Qc3 Nxc5 29. dxc5 bxc4 30. Bxc4 Rxe1+ 31. Rxe1 Qd7 32. Qb3 Qd2 33. Bxf7+ Kf8 34. Rg1 Rd3 35. Qa2 Qxa2 36. Bxa2 Ra3 37. Bb1 Bxb1 38. Rxb1 Rxa5 39. h3 Rxc5 40. Rb8+ Kf7 41. Rb7+ Kf6 42. Rxa7 Rc2 43. Kh2 c5 44. Kg3 c4 45. Rc7 c3 46. h4 g6 47. Rh7 Rd2 48. Rc7 c2 49. f4 Ke6 50. Kf3 Kd6 51. Rc8 Kd7 52. Rc4 Kd6 53. g4 h5 54. gxh5 gxh5 55. Ke3 Rh2 56. f5 Ke5 57. Rc5+ Kf6 58. Kf3 Rxh4 59. Rxc2 Rg4 60. Rc5 Rg5 61. Kf4 Rg4+ 62. Kf3 Rg5 63. Rc8 Rxf5+ 64. Kg3 Rg5+ 65. Kh4 Rg4+ 66. Kxh5 Ra4 67. Rf8+ Ke5 68. Kg5 Kd6 69. Re8 Kc5 70. Kf5 Kb5 71. Ke5 Rc4 72. Kd5 Rc5+ 73. Kd4 Rc4+ 74. Kd3 Rc5 75. Rb8+ Kc6 76. Kd4 Rd5+ 77. Kc4 Rc5+ 78. Kb4 Rh5 79. Rc8+ Kd7 80. Rc4 Rg5 81. Rh4 Kd6 82. Kc4 Ke6 83. Kd4 Kf5 84. Rh8 Rg4+ 85. Kd5 Rg5 86. Rf8+ Kg4+ 87. Ke4 Rg7 88. Re8 Rg6 89. Re7 Rg8 90. Re6 Rg5 91. Re8 Rg7 92. Ke3 Rg5 93. Re4+ Kh5 94. Kf3 Kg6 95. Re6+ Kf7 96. Ra6 Rg6 97. Ra7+ Kf6 98. Kf4 Rh6 99. Ra6+ Kg7 100. Ra7+ Kg6 101. Kg4 Rh7 102. Ra6+ Kg7 103. Kg5 Kg8 104. Ra8+ Kf7 105. Ra7+ Kg8 106. Ra8+ Kf7 107. Ra5 Kg8 108. Kf6 Rf7+ 109. Kg6 Rg7+ 110. Kf6 Rf7+ 111. Ke6 Rg7 112. Ra8+ Kh7 113. Kf6 Rg6+ 114. Kf5 Rg7 115. Ra1 Kg8 116. Ke6 1/2-1/2

[Event "Titled Tuesday intern op 16th May Late"]
[Site "Chess.com INT"]
[Date "2023.05.16"]
[Round "10"]
[White "Safin, Robert"]
[Black "Rodriguez Polo, Mateo"]
[Result "1-0"]
[WhiteElo "2207"]
[BlackElo "2186"]
[PlyCount "63"]
[EventDate "2023.05.16"]
[EventType "swiss (blitz)"]
[EventRounds "11"]
[EventCountry "USA"]
[SourceTitle "CBM 214 Extra"]
[Source "ChessBase"]
[SourceDate "2023.07.31"]
[SourceVersion "1"]
[SourceVersionDate "2023.07.31"]
[SourceQuality "1"]

1. e4 e5 2. Nf3 Nc6 3. Bb5 a6 4. Bxc6 dxc6 5. d4 exd4 6. Qxd4 Qxd4 7. Nxd4 Bd6 8. f3 Ne7 9. Nc3 0-0 10. g4 Bd7 11. h4 c5 12. Nf5 g6 13. Nxd6 cxd6 14. Bh6 Rfe8 15. 0-0-0 Bc6 16. Rxd6 f5 17. gxf5 gxf5 18. Rg1+ Kh8 19. Bg7+ Kg8 20. Bf6+ Kf7 21. Rg7+ Kf8 22. Rxh7 fxe4 23. Nxe4 Bxe4 24. fxe4 Rac8 25. Bxe7+ Kg8 26. Rdh6 Rc7 27. Rh8+ Kf7 28. R6h7+ Kg6 29. Rxe8 Kxh7 30. e5 Kg6 31. Bd6 Rh7 32. e6 1-0

[Event "Sanxenxo Carlos op 12th"]
[Site "Sanxenxo"]
[Date "2021.06.29"]
[Round "4"]
[White "Laiz Ibanez, Hector"]
[Black "Rodriguez Polo, Mateo"]
[Result "1-0"]
[WhiteElo "2311"]
[BlackElo "2103"]
[PlyCount "129"]
[EventDate "2021.06.26"]
[EventType "swiss"]
[EventRounds "9"]
[EventCountry "ESP"]
[SourceTitle "CBM 203 Extra"]
[Source "ChessBase"]
[SourceDate "2021.09.30"]
[SourceVersion "1"]
[SourceVersionDate "2021.09.30"]
[SourceQuality "1"]

1. e4 e5 2. Nf3 Nc6 3. Bb5 a6 4. Ba4 Nf6 5. 0-0 Be7 6. Re1 b5 7. Bb3 d6 8. c3 0-0 9. h3 Nb8 10. d4 Nbd7 11. Nbd2 Bb7 12. Bc2 Re8 13. a4 Bf8 14. Bd3 c6 15. b3 g6 16. Bb2 Rb8 17. Qc2 Bg7 18. Rad1 Qc7 19. Ba3 bxa4 20. bxa4 d5 21. dxe5 Nxe5 22. Nxe5 Qxe5 23. Nf3 Qh5 24. e5 Nd7 25. Bd6 Ra8 26. Qb2 Bc8 27. c4 Nf8 28. cxd5 cxd5 29. Be2 Qh6 30. Rxd5 Ne6 31. Qd2 Bb7 32. Qxh6 Bxh6 33. Rdd1 Nf4 34. Nh4 Bg5 35. Bf3 Bxf3 36. Nxf3 Bh6 37. Kh2 Rac8 38. g3 Ne6 39. Nd4 Nxd4 40. Rxd4 Rc2 41. Kg2 Ra2 42. Rc4 Bf8 43. Bxf8 Kxf8 44. Ree4 g5 45. Rc6 Re6 46. Rxe6 fxe6 47. Kf3 Kf7 48. h4 h6 49. h5 Ra3+ 50. Kg4 a5 51. Rc4 Rb3 52. Rc7+ Kg8 53. Re7 Rb4+ 54. f4 gxf4 55. gxf4 Rxa4 56. Rxe6 Kh7 57. Ra6 Ra1 58. Kf5 a4 59. e6 a3 60. e7 Re1 61. Re6 Rxe6 62. Kxe6 a2 63. e8Q a1Q 64. Qg6+ Kh8 65. Qxh6+ 1-0

[Event "Madrid San Viator op-A 31st"]
[Site "Madrid"]
[Date "2019.10.13"]
[Round "5"]
[White "Rodriguez Polo, Mateo"]
[Black "Munoz Cebey, Ricardo"]
[Result "1/2-1/2"]
[WhiteElo "2037"]
[BlackElo "1845"]
[PlyCount "56"]
[EventDate "2019.09.08"]
[EventType "swiss"]
[EventRounds "9"]
[EventCountry "ESP"]
[SourceTitle "EXT 2022"]
[Source "ChessBase"]
[SourceDate "2021.10.06"]
[SourceVersion "1"]
[SourceVersionDate "2021.10.06"]
[SourceQuality "1"]

1. Nf3 d5 2. c4 dxc4 3. e3 Nf6 4. Bxc4 e6 5. 0-0 a6 6. b3 c5 7. Bb2 Be7 8. d4 cxd4 9. Nxd4 b5 10. Bd3 Bb7 11. a4 b4 12. Qe2 0-0 13. Nd2 Nbd7 14. Nc4 Nc5 15. Bc2 Rc8 16. Nf3 Bd5 17. Nfd2 Qc7 18. e4 Bxc4 19. Nxc4 Rfd8 20. Rfd1 Rxd1+ 21. Rxd1 Nxa4 22. bxa4 Qxc4 23. Bd3 Qb3 24. a5 h6 25. Rb1 Qa4 26. Ra1 Qb3 27. Rb1 Qa4 28. Ra1 Qb3 1/2-1/2

[Event "Madrid San Viator op-A 31st"]
[Site "Madrid"]
[Date "2019.09.15"]
[Round "2"]
[White "Alvarez Poves, Jesus"]
[Black "Rodriguez Polo, Mateo"]
[Result "1/2-1/2"]
[WhiteElo "1794"]
[BlackElo "2037"]
[PlyCount "45"]
[EventDate "2019.09.08"]
[EventType "swiss"]
[EventRounds "9"]
[EventCountry "ESP"]
[SourceTitle "EXT 2022"]
[Source "ChessBase"]
[SourceDate "2021.10.06"]
[SourceVersion "1"]
[SourceVersionDate "2021.10.06"]
[SourceQuality "1"]

1. d4 Nf6 2. c4 e6 3. Nc3 Bb4 4. Qc2 0-0 5. a3 Bxc3+ 6. Qxc3 d5 7. Bg5 dxc4 8. Qxc4 b6 9. Nf3 Ba6 10. Qa4 Qd5 11. Bxf6 gxf6 12. Rc1 Rc8 13. g3 Qe4 14. Qd1 Qd5 15. Bg2 Bb7 16. 0-0 Qb5 17. Qc2 f5 18. Qd2 Qe8 19. Qg5+ Kh8 20. Qf6+ Kg8 21. Qg5+ Kh8 22. Qf6+ Kg8 23. Qg5+ 1/2-1/2

[Event "Pontevedra op 4th"]
[Site "Pontevedra"]
[Date "2015.12.26"]
[Round "1"]
[White "Espineira Gonzalez, Diego Adrian"]
[Black "Rodriguez Polo, Mateo"]
[Result "1-0"]
[WhiteElo "2354"]
[BlackElo "1733"]
[PlyCount "77"]
[EventDate "2015.12.26"]
[EventType "swiss"]
[EventRounds "9"]
[EventCountry "ESP"]
[SourceTitle "CBM 170 Extra"]
[Source "ChessBase"]
[SourceDate "2016.02.25"]
[SourceVersion "1"]
[SourceVersionDate "2016.02.25"]
[SourceQuality "1"]

1. e4 e6 2. d4 d5 3. Nd2 c5 4. exd5 Qxd5 5. Ngf3 cxd4 6. Bc4 Qd6 7. 0-0 Nf6 8. Nb3 Nc6 9. Nbxd4 Nxd4 10. Nxd4 a6 11. Bb3 Qc7 12. Re1 Bd6 13. Nf5 Bxh2+ 14. Kh1 0-0 15. Nxg7 Rd8 16. Qf3 Kxg7 17. Bh6+ Kg6 18. c3 Nh5 19. Bc1 Bf4 20. g4 Ng3+ 21. fxg3 Bxc1 22. Raxc1 b6 23. Qe3 Bb7+ 24. Kh2 Qc5 25. Qf4 Qg5 26. Bc2+ Kh6 27. Re2 Qxf4 28. gxf4 Rd7 29. Kg3 Kg7 30. f5 Re8 31. Rf1 e5 32. f6+ Kg8 33. Rfe1 Rd6 34. g5 h6 35. Rxe5 Rxe5 36. Rxe5 Bc6 37. gxh6 Rxf6 38. h7+ Kh8 39. Rg5 1-0